000 00527nam a22001457a 4500
005 20171010095508.0
008 110706t xxu||||| |||| 00| 0 eng d
100 _aAgustin, Tomas M.
_91884
245 _aProfile of the industrial arts teachers in both public and private schools of the Division of Laoag City 1981-1982
260 _c1983
300 _axi, [79] leaves
_c28 cm.
500 _aThesis (M.A.T. Practical Arts) Mariano Marcos State University, Laoag City
500 _aBibliography: leaves 63-64
942 _2lcc
_cTHEDIS
999 _c9699
_d9699